Les joueurs Français les plus décisifs au 21eme siècle. - Statistiques

Statistiques générales
  • Ce quiz a été pris 142 fois
  • Le résultat moyen est 7 sur 10
Statistiques - réponses
G+A Réponse Buts Passes
Décisives
% de match
avec G/A
% Correct
504 Kylian Mbappe 359 145 102%
98%
449 Olivier Giroud 346 103 51%
96%
470 Antoine Griezmann 327 143 54%
94%
679 Karim Benzema 490 189 72%
92%
647 Thierry Henry 411 236 71%
91%
361 Zinédine Zidane 156 205 45%
80%
354 David Trezeguet 307 47 56%
58%
436 André-Pierre Gignac 363 73 53%
50%
343 Alexandre Lacazette 266 77 57%
45%
424 Bafetimbi Gomis 361 63 53%
17%
Aucun quiz correspondant
Distribution des résultats
% des personnes avec chaque résultat
Percentile par nombre de réponses
Votre historique - résultats
Vous n’avez pas pris ce quiz